Zvukové nahrávky
Uloženo v:
LEADER 01970njm a2200457 a 4500
001 000266655
003 CZ BrMZK
005 20090611090621.0
008 010907s1991 fr f fre d
028 0 3 |a CDS 7 54228 2  |b EMI 
040 |a BOA001  |b cze 
080 |a 782.1(44)(086.7)  |2 MRF 
100 1 |a Gounod, Charles,  |d 1818-1893  |7 jn19990002796  |4 cmp 
245 1 0 |a Faust  |h [zvukový záznam] :  |b opéra en 5 actes /  |c Charles Gounod ; [libretto Jules Barbier & Michel Carré]. 
260 |a [S.l.]. :  |b EMI,  |c p1991 
300 |a 3 CD :  |b stereo, DDD ;  |c 12 cm +  |e 1 brožura (200 s.). 
306 |a 010024  |a 010903  |a 011413 
490 1 |a EMI Classics 
500 |a Text a libreto v brož. vícejaz. 
500 |a Nahr. 1991 
500 |a Durata 74:13, 69:03, 60:24 
511 0 |a Cheryl Studer, zpěv; José van Dam, zpěv; Marc Barrard, zpěv ... [et al.]. Choeur de l'Armée Francaise; Choeur et Orchestre du Capitole de Toulouse, dir. Michel Plasson. 
653 0 |a francouzské operní texty  |a opery 
700 1 |a Barrard, Marc  |7 mzk2009512304  |4 prf 
700 1 |a Van Dam, José,  |d 1940-2026  |7 pna2005261955  |4 prf 
700 1 |a Denize, Nadine,  |d 1943-  |7 mzk2009512305  |4 prf 
700 1 |a Hampson, Thomas,  |d 1955-  |7 xx0031592  |4 prf 
700 1 |a Leech, Richard,  |d 1956-  |7 mzk2009512306  |4 prf 
700 1 |a Mahé, Martine  |7 mzk2009512307  |4 prf 
700 1 |a Parmentier, Yves  |7 mzk2009512308  |4 cnd 
700 1 |a Plasson, Michel,  |d 1933-  |7 pna2006370556  |4 cnd 
700 1 |a Studer, Cheryl,  |d 1955-  |7 jx20060310022  |4 prf 
700 1 |a Barbier, Jules,  |d 1825-1901  |7 jn20020618016  |4 cmp 
700 1 |a Carré, Michel,  |d 1822-1872  |7 jn19990001342  |4 cmp 
710 2 |a Choeur de l'Armée Française (pěvecký sbor)  |4 prf 
710 2 |a Théâtre du Capitole.  |b Orchestre 
830 0 |a EMI Classics 
910 |a BOA001  |b CD-0001.709 
964 |a Opery  |x texty francouzské  |x CD 
990 |a AV 
996 6 |b 261H001741  |c CD-0001.709  |l MZK  |r Sklad / do 24 hodin  |n 2  |w 000266655  |u 000010  |a 1  |e BOA001  |j MZK50  |s P